000 00767cam a22002653a 4500
001 3540
003 PGUSA
005 20140828083034.0
008 021101s2002||||xxu|||||s|||||000 | eng d
040 _aPGUSA
_beng
042 _adc
050 4 _aHN
100 1 _aTolstoy, Leo, graf,
_d1828-1910
245 1 4 _aThe Census in Moscow
_h[electronic resource] /
_cLeo, graf Tolstoy
260 _bProject Gutenberg,
_c2002
500 _aFrom "What to do?"
506 _aPublic domain in the USA.
516 _aElectronic text
653 _aSocial problems
653 _aMoscow (Russia) -- Social conditions
700 1 _aHapgood, Isabel Florence,
_d1850-1928
830 0 _aProject Gutenberg
_v3540
856 4 0 _uhttp://www.gutenberg.org/ebooks/3540
942 _cEB
999 _c232869
_d232869